Czteroliterowe imię żeńskie. - Statystyki

Ogólne statystyki
  • Ten quiz został rozwiązany 246 razy
  • Średni wynik to 5 z 10
Statystyki odpowiedzi
Odpowiedź % Poprawnych
Anna
85%
Maja
62%
Lena
61%
Pola
60%
Sara
47%
Kaja
46%
Nina
40%
Inga
37%
Róża
29%
Ines
5%
Nie znaleziono quizów pasujących do podanych kryteriów
Rozkład punktacji
Procent ludzi z każdym wynikiem
Percentyl według liczby udzielonych odpowiedzi
Twoja historia wyników
Nie rozwiązałeś tego quizu